|
|
|
|
| LEADER |
00000cam a2200000 7i4500 |
| 001 |
0000002600 |
| 005 |
20030826.0 |
| 020 |
0 |
0 |
|a 084935952X
|
| 090 |
0 |
0 |
|a 576.15
|b SMI 1982
|
| 100 |
1 |
0 |
|a SMITH
|h O. L.
|
| 245 |
1 |
0 |
|a Soil microbiology :
|b a model of decomposition and nutrient cycling
|c author, O.L. Smith
|
| 260 |
0 |
0 |
|a Boca Raton, Fla. :
|b CRC Press ,
|c 1982
|
| 300 |
|
|
|a 273 p. :
|b ill. ;
|c 26 cm.
|
| 440 |
0 |
0 |
|a CRC series in mathematical models in microbiology
|
| 500 |
0 |
0 |
|a Includes bibliographical references and index
|
| 650 |
0 |
0 |
|a Nutrient cycle
|x Mathematical models
|
| 650 |
0 |
0 |
|a Soil microbiology
|x Mathematical models
|
| 998 |
|
|
|a JPSM
|
| 999 |
|
|
|a 0000004379
|b Monograph
|c Open Shelf
|e Default branch
|